|
|
|
|
| LEADER |
01228nam a2200277 a 4500 |
| 001 |
812922 |
| 008 |
100725s1987 enk 000 0 eng d |
| 020 |
|
|
|a 0851985904
|
| 020 |
|
|
|a 07506422
|
| 020 |
|
|
|a 211084499X
|
| 040 |
|
|
|a ILD
|c ILD
|d AGL
|d VPI
|d BD-DhAAL
|
| 082 |
0 |
0 |
|a 636.5/00911
|2 22
|
| 245 |
1 |
0 |
|a Manual of poultry production in the tropics /
|c translated by R. Ralph Say.
|
| 250 |
|
|
|a English ed.
|
| 260 |
|
|
|a Wallingford, UK :
|b CAB International,
|c 1987.
|
| 300 |
|
|
|a 119 p. :
|b ill. ;
|c 25 cm.
|
| 500 |
|
|
|a Translation of: Manuel daviculture en zone tropicale. 1983.
|
| 500 |
|
|
|a "Institut de´levage et de me´dicine ve´te´rinaire des pays tropicaux; Technical Centre for Agricultural and Rural Co-operation."
|
| 541 |
1 |
|
|e 00004164
|
| 650 |
|
0 |
|a Poultry
|z Tropics.
|
| 700 |
|
|
|a Say, Ralph R.
|
| 710 |
2 |
0 |
|a Institut de´levage et de me´decine ve´te´rinaire des pays tropicaux.
|
| 710 |
2 |
0 |
|a Centre technique de coope´ration agricole et rurale.
|
| 852 |
4 |
|
|a Ayesha Abed Library
|j General shelf
|
| 999 |
|
|
|c 9368
|d 9368
|
| 952 |
|
|
|0 0
|1 0
|2 ddc
|4 0
|6 636_500911000000000_MAN_1987
|7 0
|9 12097
|a BRACUL
|b BRACUL
|c GEN
|d 2010-09-26
|g 0.00
|l 0
|o 636.500911 MAN
|p 3010004164
|r 2010-09-26
|t 1
|w 2010-09-26
|y BK
|z Not price in Register
|